Využitie CA technológií pri návrhu a výrobe zatváracieho noža

Saved in:
Bibliographic Details
Main Author: Štefánik, Daniel (Author)
Other Authors: Peterka, Jozef (Thesis advisor)
Format: Manuscript Book
Language:Slovak
Published: 2021
Subjects:
Online Access:http://is.stuba.sk/zp/portal_zp.pl?podrobnosti=160560
Tags: Add Tag
No Tags, Be the first to tag this record!

MARC

LEADER 00000ntm a22000003a 4500
001 stuzp83558
003 SK-STU
005 20210612211756.6
007 ta
008 150427s2015----xo-----f-mn---000-0-slo-d
040 |a STU  |b slo 
041 0 |a slo 
100 1 |a Štefánik, Daniel  |u 063000  |k Z4  |4 aut  |U MTF Materiálovotechnologická fakulta  |T MTF Ústav výrobných technológií  |X 85432  |U M3000  |Y 83  |7 85432 
242 0 1 |a Use of CA technology in the design and manufacture of a folding knife  |y eng 
245 1 0 |a Využitie CA technológií pri návrhu a výrobe zatváracieho noža 
260 |c 2021 
650 4 |a zatvárací nôž  |2 slo 
650 4 |a počítačom podporovaný  |2 slo 
650 4 |a pílka  |2 slo 
650 4 |a folding knife  |2 eng 
650 4 |a saw  |2 eng 
650 4 |a computer-aided  |2 eng 
700 1 |a Peterka, Jozef  |u 063200  |k Z1  |4 ths  |U MTF Ústav výrobných technológií  |T MTF Katedra obrábania a počítačovej podpory technológií  |X 278  |U M3200  |Y 164  |7 A000000278 
856 4 |u http://is.stuba.sk/zp/portal_zp.pl?podrobnosti=160560 
996 |c M* DP-14791  |l MMSKP  |s P  |a 0  |w stuzp83558_0001